Tributación de las empresas de menor tamaño.
Na minha lista:
| Autor principal: | |
|---|---|
| Formato: | Desconhecido |
| Publicado em: |
Santiago,Chile:
Thomson Reuters,
2023.
|
| Edição: | Tercera edición |
| Colecção: | Monografías
|
| Assuntos: | |
| Tags: |
Adicionar Tag
Sem tags, seja o primeiro a adicionar uma tag!
|
MARC
| LEADER | 00000 a2200000 4500 | ||
|---|---|---|---|
| 003 | CL-VaPUC | ||
| 005 | 20240112115455.0 | ||
| 008 | 240105t2023 ||||| |||| 00| 0 eng d | ||
| 999 | |c 442878 |d 442876 | ||
| 020 | |a 978-956-400-412-9 | ||
| 040 | |c Pontificia Universidad Católica de Valparaíso | ||
| 082 | 7 | |a 343.83068 ARA 2023 |2 22 | |
| 100 | |a Araya Ibáñez, Gonzalo |9 875829 |e autor | ||
| 245 | |a Tributación de las empresas de menor tamaño. | ||
| 250 | |a Tercera edición | ||
| 260 | |a Santiago,Chile: |b Thomson Reuters, |c 2023. | ||
| 300 | |a 361 páginas. | ||
| 440 | |a Monografías |9 856527 | ||
| 583 | |k GC |c 20240105 | ||
| 650 | |a Ley de la Renta |v Artículo 14, letra D |v Artículo 34 |9 886985 | ||
| 650 | |a Micro, pequeña y mediana empresa (MiPyME) |x Tributación |9 886986 | ||
| 942 | |2 ddc |c BK | ||
| 952 | |0 0 |1 0 |2 ddc |4 0 |6 343_830680000000000_ARA_2023 |7 0 |8 A |9 593161 |a BIBDER |b BIBDER |c GEN |d 2024-01-05 |e 31 |g 0.00 |i 5659962 |o 343.83068 ARA 2023 |p 5659962 |r 2024-01-05 |t 1 |v 0.00 |w 2024-01-05 |y BK |k DER | ||